000 00900nam a2200265 i 4500
003 DO-SdBNP
005 20250402155329.0
007 ta
008 250402b2024 pr ||||| |||| 00| 0 spa d
020 _a9789945637465
040 _aDO-SdBNP
_bspa
_cBNPHU
_erda
082 4 _axxx
_bxxx
_222
100 _aStipisic, Zlatan,
_eautor
_4aut.
_987315
245 1 0 _aBanderas de un imperio hundido /
_cZlatan Stipisic ; coordinación editorial, Sasenka Martic
264 4 _aSan Juan, Puerto Rico :
_bIsla Negra Editores,
_c©2024.
300 _a129 páginas
_c22 cm.
336 _atexto
_btxt
_2rdacontent
337 _asin mediación
_bn
_2rdamedia
338 _avolumen
_bnc
_2rdacarrier
500 _aIncluye datos biográficos del autor en la solapa de la cubierta
590 _aInventariado, 2025/BT
700 1 _aMaartic, Sasenka,
_ecoordinador
_4coord.
_987316
910 _aBtavárez
942 _2ddc
_cLBS1
999 _c58581
_d58581